Szczegóły MARC21

PHP i HTML : tworzenie dynamicznych stron WWW /

003 -Nazwa inst., której nr kontr. jest w polu 001 [,]
    • @
    • Nazwa instytucji, której n kontrolny jest w polu 001
    • NUKAT
005 -DATA I CZAS OSTATNIEJ MODYFIKACJI [,]
    • @
    • pole kontrolne
    • 20241231101032.0
020 -Międzynarod. znormalizowany nr książki - ISBN [ , ]
    • a
    • Numer ISBN
    • 9788324631674 Find
040 -Instytucja sporządzająca opis [ , ]
    • a
    • Instytucja, która sporządziła opis (NP)
    • KR U/27OK
    • c
    • Instytucja, która sporządziła rekord (NP)
    • KR U/27OK
    • d
    • Instytucja, która zmodyfikowała rekord (P)
    • KR U/27OK
    • d
    • Instytucja, która zmodyfikowała rekord (P)
    • GL 001/JK
942 -Rodzaj dokumentu [ , ]
    • c
    • Rodzaj dokumentu
    • Książka
100 -Hasło główne - nazwa osobowa [1, ]
    • a
    • Nazwa osobowa (NP)
    • Ross, Jacek.
    • 9
    • KHW
    • 409935
245 -Strefa tytułu i oznaczenia odpowiedzialności [1,0]
    • a
    • Tytuł
    • PHP i HTML : Find
    • b
    • Ciąg dalszy tytułu (NP)
    • tworzenie dynamicznych stron WWW / Find
    • c
    • Pozostałe elementy strefy tytułu i oznaczenia odpowiedzialności (NP)
    • Jacek Ross.
260 -Strefa adresu wydawniczego [ , ]
    • a
    • Miejsce wydania (P)
    • Gliwice :
    • b
    • Nazwa wydawcy (P)
    • Wydawnictwo Helion,
    • c
    • Data wydania (P)
    • cop. 2010.
300 -Strefa opisu fizycznego [ , ]
    • a
    • Określenie formy książki i/lub objętość (NP)
    • 202 s. :
    • b
    • Oznaczenie ilustracji (NP)
    • il ;
    • c
    • Format (NP)
    • 24 cm.
336 -Typ zawartości [ , ]
    • a
    • Termin opisujący typ zawartości
    • Tekst
    • b
    • Kod określający zawartość
    • txt
    • 2
    • Źródło (terminu i kodu)
    • rdacontent
337 -Typ mediów [ , ]
    • a
    • Tryb odtwarzania
    • Bez urządzenia pośredniczącego
    • b
    • Kod typu mediów
    • n
    • 2
    • Źródło (terminu i kodu)
    • rdamedia
338 -Typ/rodzaj nośnika [ , ]
    • a
    • Hasło opisujące typ nośnika
    • Wolumin
    • b
    • Kod typu nośnika
    • nc
    • 2
    • Źródło (terminu i kodu)
    • rdacarrier
500 -Uwaga ogólna [ , ]
    • a
    • Uwaga ogólna (NP)
    • Na s. tyt. i okł.: Rozpocznij naukę tworzenia serwisów WWW już dziś. Poznaj najpopularniejsze rozwiązania stosowane w sieci. Dołącz do grupy osób najczęściej poszukiwanych na rynku pracy.
504 -Uwaga dot. bibliogr. załącznikowej [ , ]
    • a
    • Uwaga dot. bibliografii załącznikowej
    • Indeks.
650 -Hasło przedmiotowe [ ,7]
    • a
    • Hasło przedmiotowe
    • HTML (język znaczników).
    • 2
    • Źródło terminu
    • kaba
    • 9
    • KHW
    • 110932
650 -Hasło przedmiotowe [ ,7]
    • a
    • Hasło przedmiotowe
    • PHP (język programowania).
    • 2
    • Źródło terminu
    • kaba
    • 9
    • KHW
    • 122918
650 -Hasło przedmiotowe [ ,7]
    • a
    • Hasło przedmiotowe
    • Strony Web
    • x
    • Określnik rzeczowy
    • tworzenie.
    • 2
    • Źródło terminu
    • kaba
    • 9
    • KHW
    • 131379
710 -Hasło dodatkowe - nazwa ciała zbiorowego [2, ]
    • a
    • Nazwa ciała zbiorowego lub nazwa geograficzna jako pierwszy element (NP)
    • Grupa Wydawnicza Helion.
    • 4
    • Kod relacji
    • pbl
    • 9
    • KHW
    • 51611
920 -ISBN [ , ]
    • a
    • ISBN
    • 978-83-246-3167-4 Find
Data inwentaryzacji Lokalizacja Status udost. Numer inwentarzowy Sygnatura
2017-03-24T-2T.19492T.19492